Spoločnosť s ručením obmedzeným ako spoločník v komanditnej spoločnosti

Gespeichert in:
Bibliographische Detailangaben
1. Verfasser: Máziková, Katarína
Format: Buchkapitel
Sprache:Slowakisch
Tags: Tag hinzufügen
Keine Tags, Fügen Sie das erste Tag hinzu!

MARC

LEADER 00000naa$a2200000$$$4500
001 0119422
005 20240502072330.1
041 0 |a slo 
044 |a SK 
245 1 0 |a Spoločnosť s ručením obmedzeným ako spoločník v komanditnej spoločnosti  |c Katarína Máziková 
100 1 |a Máziková, Katarína